| 000 | 01537nam2a2200277 4500 | ||
|---|---|---|---|
| 001 | rc\2870056 | ||
| 005 | 20110713190445.8 | ||
| 035 | _a(NLR Aleph) 007204294 | ||
| 090 |
_a13628659 _c13628659 |
||
| 100 | _a20110713d1933 |||y0rusy50 ca | ||
| 101 | 0 | _arus | |
| 102 | _aRU | ||
| 105 | _ay z ||||| | ||
| 200 | 1 | _aОчерк реки верхнего Урала | |
| 210 | _d1933 | ||
| 225 | 1 |
_aСеверо-Западное отделение _fСССР. НКТП. Глав. энергет. упр. (Главэнерго). Всесоюз. гос. трест по проектированию и изысканиям тепловых и электр. станций, сетей и подстанций Теплоэлектропроект _aСерия 2. Обзоры по рекам и бассейнам |
|
| 461 | 0 |
_1001rc\2870040 _12001#$aМатериалы по гидрологии, гидрографии и водным силам СССР ...$eВып. I-36$fПод ред. зав. Ленингр. гидротехн. бюро инж. С.В. Григорьева$gВСНХ-СССР. Глав. электротехн. упр. (Главэлектро). Ленингр. гидротехн. бюро Гос. энергостроительного треста$vВып. 17 |
|
| 700 | 1 |
_aУрбан _bИ. И. |
|
| 701 | 1 |
_aРоза _bС. И. |
|
| 701 | 1 |
_aФилин _bМ. К. |
|
| 801 | 0 |
_aRU _bNLR _gpsbo |
|
| 801 | 1 |
_aRU _bELAR _2rusmarc |
|
| 852 |
_aNLR _j30-19/15 |
||
| 852 |
_aNLR _jГн10 В-7/15(15) |
||
| 942 | _cBOOK | ||
| 980 | _aNB | ||